Biologia, 1º série (Record no. 62340)

MARC details
000 -LÍDER
campo de controle de tamanho fixo 00379 a2200157 4500
001 - NÚMERO DE CONTROLE
campo de controle 62340
020 ## - ISBN - INTERNATIONAL STANDARD BOOK NUMBER
ISBN - International Standard Book Number 9788576754695
040 ## - FONTE DA CATALOGAÇÃO
Instituição que transcreveu o registro Anchieta - Pituba
100 ## - ENTRADA PRINCIPAL--NOME PESSOAL
Nome pessoal Aguiar, João Batista
240 10 - TÍTULO UNIFORME
Título uniforme Biologia, 1º série
Idioma da obra por
245 10 - TÍTULO
Título Biologia, 1º série
300 ## - DESCRIÇÃO FÍSICA
Extensão 416
362 0# - DATAS DE PUBLICAÇÃO E/OU DESIGNAÇÃO SEQUENCIAL
Datas de publicação e/ou designação sequencial 2009
650 #4 - ASSUNTO--TERMO TÓPICO
Cabeçalho tópico ou nome geográfico BIOLOGIA, CIÊNICAS DA VIDA (CIÊNCIAS NATURAIS)
942 ## - ELEMENTOS DE ENTRADA ADICIONADOS (KOHA)
Tipo de material Koha Livros
Holdings
Situação do descarte Situação das perdas Situação física Não pode ser emprestado Biblioteca de origem Biblioteca atual Data de aquisição Total de empréstimos Código de barras Data de último acesso Data do preço efetivo Tipo de material Koha Número de chamada completo
        Colégio Anchieta - Pituba Colégio Anchieta - Pituba 21/11/2023   15150/PIT 21/11/2023 21/11/2023 Livros  
        Colégio Anchieta - Pituba Colégio Anchieta - Pituba 21/11/2023   15173/PIT 21/11/2023 21/11/2023 Livros 570 B615b BIO